| 000 | 01223nam a22002537a 4500 | ||
|---|---|---|---|
| 005 | 20170124103032.0 | ||
| 010 | _aA-994579 | ||
| 020 | _c150.00 | ||
| 035 | _aA-994579 | ||
| 037 | _bCen Lib/Ret | ||
| 040 |
_aDPL _bHN |
||
| 082 |
_aउ _bभटना |
||
| 100 |
_aभटनागर, राजेन्द्रमोहन _94556 |
||
| 245 |
_aमहाराणा प्रताप का एक अन्तहीन युद्ध : _cराजेन्द्रमोहन भटनागर _bमहाराणा प्रताप पर ऐतिहासिक उपन्यास / |
||
| 246 |
_aMaharana Pratap par etihaasik upanyas / _bby Pramod Trivedi |
||
| 260 |
_aजोधपुर _bनवभारत प्रकाशन _c1999 |
||
| 270 |
_a44/6, पी. डब्ल्यू. डी. कॉलोनी _bजोधपुर |
||
| 300 |
_a184पृ. _c20सेमी (सजिल्द) |
||
| 650 |
_a हिन्दी साहित्य _964109 |
||
| 650 |
_a हिन्दी साहित्य -- उपन्यास _946379 |
||
| 650 |
_aHindi literature _964110 |
||
| 650 |
_aHindi literature -- Fiction _964111 |
||
| 942 |
_2ddc _cHN _hउ _mभटना |
||
| 999 |
_c115957 _d115957 |
||